000 00878cam a2200241 4500
001 WB3615-18
008 000000n2000 000 0 eng u
035 _a(Sirsi) u105302
245 _aSwitching into e-commerce
260 _c2000
490 _aFinancial Times
_v 7 April 2000, 34
490 _aFinancial Times
_v 12 April 2000, 6(2)
520 _aDiscusses the implications for quoted property companies to use technology to add value to real estate, after the UK's Chelsfield and Canadian TrizecHahn bought major stakes in Global Switch, a leading supplier of complex web-hosting services. Table.
590 _aWB
650 _aIT SECTOR
650 _aPROPERTY-COMMERCIAL PROPERTY
650 _aGROWTH
650 _aINVESTMENT MARKET
650 _aWEB HOSTING SERVICES
650 _aCARRIER HOTELS
690 _aINFORMATION TECHNOLOGY-INTERNET
942 _n0
999 _c63135
_d63135